000 00504nam a2200181Ia 4500
008 120820t1998 xxu||||| |||| 00| 0 sin d
041 _asin
080 _a8-31
_bRIF
100 _aRift,Valerie
245 _aසිනාසෙනු මැන වේදනා පිසදා
246 _aSinasenu Mana Wedana Pisada
260 _aS. Godage
_aColombo
_c1998
300 _b327p, 21 cm
700 _aIluppitiya,Ranjith
_etr.
942 _cBK
999 _c40111
_d40111
003 LK-CoDNM
040 _aLK-CoDNM
_dLK-CoDNM
_eLK-CoDNM